000 00805nam a2200229 i 4500
001 171575
003 ES-MaACL
005 20251012174839.0
008 090521s1978 sp |||| | spa d
017 _aM 41581-1978
020 _a84-220-0892-0
100 0 _aPintor-Ramos, Antonio.
_992238
245 1 0 _aEl humanismo de Max Scheler
_b: estudio de su antropología filosófica /
_cpor Antonio Pintor Ramos.
260 _aMadrid :
_bLa Editorial Católica,
_c1978.
300 _aXXVIII, 410 p., 1 h. ;
_c20 cm.
490 1 _aBiblioteca de autores cristianos ;
_v404
500 _aÍndice.
600 1 7 _aScheler, Max,
_d1874-1928-
_xCrítica e interpretación
_2
_9140257
830 0 0 _aBiblioteca de autores cristianos
_v404
_9178679
852 _aES-MaACL
_jJ-395
_9R.46092
999 _c171575
_d171575